Fast Typing Practice - Letters - Statistics

General Stats
  • This quiz has been taken 30 times
  • The average score is 35 of 52
Answer Stats
Hint Answer % Correct
E E
100%
C C
96%
F F
96%
A A
92%
B B
92%
C C
92%
I I
92%
J J
92%
L L
92%
S S
92%
U U
92%
Y Y
92%
P P
88%
R R
88%
X X
88%
Y Y
88%
Z Z
88%
H H
85%
K K
85%
L L
85%
V V
85%
V V
85%
E E
81%
F F
81%
S S
81%
W W
81%
D D
69%
H H
69%
T T
69%
K K
62%
W W
62%
A A
58%
P P
58%
B B
54%
Q Q
50%
N N
46%
U U
46%
D D
42%
G G
42%
G G
42%
N N
42%
O O
42%
R R
42%
T T
42%
J J
38%
I I
35%
M M
35%
O O
35%
Q Q
35%
X X
35%
Z Z
35%
M M
31%
No matching quizzes found
Score Distribution
Percent of People with Each Score
Percentile by Number Answered
Your Score History
You have not taken this quiz